00591nam a2200193 a 450000100060000000300080000600500170001400800410003103500190007204000290009104100080012008200220012810000190015024500650016926000540023430000330028850400510032165000250037226659BD-RjUL20211209051040.0140323s1963 dcub b 001 0 eng d a(BD-RjUL)26729 a2509bengc2509dBD-RjUL aeng04a954219bMAM 19631 aMalik, Hafeez.10aMoslem nationalism in India and Pakistan /cby Hafeez Malik. aWashington, D.C. :bPublic Affairs Press,cc1963. avi, 355 p. :bmaps ;c23 cm. aIncludes bibliographical references and index. 0aMuslimszSouth Asia.